Welcome to CU Library Online Public Access Catalogue (OPAC)

Elements of environmental engineering (Record no. 790)

MARC details
000 -LEADER
fixed length control field 00390nam a22001457a 4500
005 - DATE AND TIME OF LATEST TRANSACTION
control field 20241107120107.0
008 - FIXED-LENGTH DATA ELEMENTS--GENERAL INFORMATION
fixed length control field 241107b |||||||| |||| 00| 0 eng d
020 ## - INTERNATIONAL STANDARD BOOK NUMBER
International Standard Book Number 9788121915472
050 ## - LIBRARY OF CONGRESS CALL NUMBER
Classification number TA170
Item number DUG
100 ## - MAIN ENTRY--PERSONAL NAME
Personal name Duggal, k.n
245 ## - TITLE STATEMENT
Title Elements of environmental engineering
260 ## - PUBLICATION, DISTRIBUTION, ETC.
Place of publication, distribution, etc. New Delhi
Name of publisher, distributor, etc. S. Chand and Company LTD.
Date of publication, distribution, etc. c1966
300 ## - PHYSICAL DESCRIPTION
Extent xv,440p
Other physical details ill.;
942 ## - ADDED ENTRY ELEMENTS (KOHA)
Source of classification or shelving scheme Library of Congress Classification
Koha item type Books
Suppress in OPAC No
999 ## -
-- 790
-- 790
Holdings
Withdrawn status Lost status Source of classification or shelving scheme Damaged status Not for loan Home library Current library Shelving location Date acquired Total checkouts Full call number Barcode Date last seen Copy number Price effective from Koha item type
    Library of Congress Classification     Science Library (Miotso) Science Library (Miotso) General stacks 11/04/2025   TA170 DUG SLM00005236 11/04/2025 1 11/04/2025 Books
    Library of Congress Classification     Undergraduate Library (Christ Temple) Undergraduate Library (Christ Temple) General stacks 11/07/2024   TA170 DUG ulct00000183 11/07/2024 1 11/07/2024 Books
© 2023-2024 Copyright: Central University Libraries. All Rights Reserved | Created by: Mahone Tech Office